| 000 | 00803nam a22002177a 4500 | ||
|---|---|---|---|
| 999 |
_c7950 _d7950 |
||
| 003 | AR-CdUCM | ||
| 008 | 190321b ||||| |||| 00| 0 spa d | ||
| 040 |
_aMUNICIPALIDAD PROVINCIAL DEL CUSCO _cBIBLIOTECA MUNICIPAL DEL CUSCO |
||
| 082 |
_a787.87 / _bOJ38 |
||
| 100 |
_aOjeda Vizcarra, Pablo _922215 |
||
| 245 |
_aGuitarra andina peruana : _b30 composiciones de Pablo Ojeda Vizcarra / |
||
| 260 |
_aCusco : _bINC : _b[Imprenta Pantigozo, _c1989. |
||
| 300 |
_a85 páginas ; _bpartituras ; _c30 cm. |
||
| 505 | _aContenido: Partituras para guitarra. | ||
| 650 |
_aPartituras - Guitarra _922462 |
||
| 650 |
_aGuitarra _922463 |
||
| 650 |
_aPablo Ojeda Vizcarra - Composiciones _922464 |
||
| 710 |
_aInstituto Nacional de Cultura Departamental Cusco _98837 |
||
| 942 |
_2ddc _cLIBROS |
||
| 945 | _alccs | ||